000 00224 a2200097 4500
001 47286
100 _aDulles, A
245 _aThe Craft of Intelligence
260 _aLondon
_bWeidenfeld & Nicolson
_c
090 _c30327
_d30327
942 _aNUST-CAE
_cM
_c22589
999 _c282359
_d282359